[Event "Harrogate 4NCL op-B 29th"]
[Site "Harrogate"]
[Date "2023.01.21"]
[Round "3"]
[White "Dufton, Daniel"]
[Black "Millar, Greg F"]
[Result "0-1"]
[WhiteElo "1718"]
[BlackElo "1784"]
[PlyCount "93"]
[EventDate "2023.01.20"]
[EventType "swiss"]
[EventRounds "5"]
[EventCountry "ENG"]
[SourceTitle "CBM 212 Extra"]
[Source "ChessBase"]
[SourceDate "2023.03.31"]
[SourceVersion "1"]
[SourceVersionDate "2023.03.31"]
[SourceQuality "1"]

1. c4 e5 2. Nc3 Bb4 3. e3 Nf6 4. Be2 Bxc3 5. bxc3 0-0 6. d4 d6 7. Nf3 Nc6 8. 0-0 e4 9. Nd2 Re8 10. Ba3 b6 11. Qc2 Ba6 12. Rfe1 Nb8 13. Bb2 c5 14. a4 Nc6 15. Rad1 Qe7 16. Nb3 Bc8 17. Ra1 Bg4 18. a5 h5 19. axb6 axb6 20. Bxg4 Nxg4 21. h3 Nf6 22. Ra3 Rxa3 23. Bxa3 g5 24. Qe2 Qd7 25. Nd2 Ra8 26. Ra1 Qf5 27. Bb2 Rxa1+ 28. Bxa1 g4 29. hxg4 Nxg4 30. Nf1 Ne7 31. Ng3 Qg6 32. Qa2 h4 33. Ne2 Qf5 34. Nf4 Ng6 35. Nxg6 fxg6 36. Qe2 Qg5 37. Bb2 h3 38. g3 h2+ 39. Kh1 Qf5 40. Kg2 Qf3+ 41. Qxf3 exf3+ 42. Kh1 Kf7 43. Bc1 Ke6 44. d5+ Ke5 45. Bd2 Ke4 46. Be1 Kd3 47. e4 0-1